Foreign investment and economic development in Asia (Record no. 27690)

MARC details
000 -LEADER
fixed length control field 00342nam a2200121Ia 4500
082 ## - DEWEY DECIMAL CLASSIFICATION NUMBER
Classification number 339.732.44(5)
Item number SAR
245 #0 - TITLE STATEMENT
Title Foreign investment and economic development in Asia
260 ## - PUBLICATION, DISTRIBUTION, ETC. (IMPRINT)
Place of publication Bombay
Name of publisher Orient Longman
Year of publication 1976
650 ## - SUBJECT ADDED ENTRY--TOPICAL TERM
Topical Term Foreign investment
700 ## - ADDED ENTRY--PERSONAL NAME
Personal name SARKAR, Nihar K
942 ## - ADDED ENTRY ELEMENTS (KOHA)
Koha item type Books
Holdings
Withdrawn status Lost status Damaged status Not for loan Home library Current library Date acquired Full call number Accession Number Koha item type
        RRII Library RRII Library 16/12/2021 339.732.44(5) SAR 08308 Books